Curso práctico de latinidad : o colección de piezas escogidas de los clásicos latinos... /

Guardado en:
Detalles Bibliográficos
Autor principal: Miguel, Raimundo de (autor)
Formato: Libro
Idioma:Español
Edición:8a edición
Temas:
Etiquetas: Agrega una etiqueta
Sin etiquetas, Sé el primero en etiquetar este registro!

MARC

LEADER 00000nam^a2200000^a^4500
001 000301802
005 20250526000000.0
009 20260310112554.219
025 |a Donación Robles Martínez, 1 ejemplar 
037 |a Acervo ITESO - Biblioteca 
041 |a ESP 
082 |a 475.  |b MIG 
100 |a Miguel, Raimundo de  |e (autor) 
245 1 0 |a Curso práctico de latinidad :  |b o colección de piezas escogidas de los clásicos latinos... /  |c R. de Miguel. 
250 |a 8a edición  |b corregida y aumentada 
264 |a Madrid, España :  |b Agustín Jubera,  |c 1876, c1876 
300 |a XII, 562 p. ;  |c 19.0 cm. 
649 |a XX 
650 |a Latín -  |z España -  |x Estudio y Enseñanza 
650 |a Latín -  |x Estudio y Enseñanza 
910 |a Fondo Robles Martínez 
920 |a Impresos - Libros 
930 |a Libros Antiguos y Raros 
905 |a 108 
901 |a 0500187576  |b IT2  |c LRA  |i D  |u 20250526 
902 |a https://opac.biblio.iteso.mx/vufind/Record/000301802